[Event "Leipzig VfB op 25th"]
[Site "Leipzig"]
[Date "2018.03.24"]
[Round "7"]
[White "Paulini, Stefan"]
[Black "Halas, Julia"]
[Result "0-1"]
[WhiteElo "1709"]
[BlackElo "1982"]
[PlyCount "82"]
[EventDate "2018.03.20"]
[EventType "swiss"]
[EventRounds "9"]
[EventCountry "GER"]
[SourceTitle "CBM 183 Extra"]
[Source "ChessBase"]
[SourceDate "2018.04.19"]
[SourceVersion "1"]
[SourceVersionDate "2018.04.19"]
[SourceQuality "1"]

1. Nf3 Nf6 2. c4 g6 3. b4 Bg7 4. Bb2 d6 5. g3 0-0 6. Bg2 a5 7. a3 c6 8. 0-0 e5 9. d3 h6 10. Nbd2 Be6 11. Qc2 axb4 12. axb4 Na6 13. Bc3 Qe7 14. Qb2 Nd7 15. Ra3 Rfc8 16. Rfa1 Qf8 17. e3 f5 18. b5 Nac5 19. Rxa8 Rxa8 20. Rxa8 Qxa8 21. bxc6 bxc6 22. Qc2 Qa3 23. Nb1 Qa6 24. Nfd2 Na4 25. h4 Ndc5 26. Bb4 Qb6 27. Bxc5 Nxc5 28. Kh2 Bd7 29. Qa2 Kh7 30. Qa3 Qc7 31. Bf1 Be6 32. Nb3 Nd7 33. N1d2 Nf6 34. d4 Ng4+ 35. Kg2 f4 36. c5 d5 37. Na5 fxe3 38. fxe3 Qf7 39. Nf3 e4 40. Be2 exf3+ 41. Bxf3 Qa7 0-1

[Event "Leipzig VfB op 25th"]
[Site "Leipzig"]
[Date "2018.03.24"]
[Round "8"]
[White "Schmuck, Joerg"]
[Black "Paulini, Stefan"]
[Result "1-0"]
[WhiteElo "1391"]
[BlackElo "1709"]
[PlyCount "47"]
[EventDate "2018.03.20"]
[EventType "swiss"]
[EventRounds "9"]
[EventCountry "GER"]
[SourceTitle "CBM 183 Extra"]
[Source "ChessBase"]
[SourceDate "2018.04.19"]
[SourceVersion "1"]
[SourceVersionDate "2018.04.19"]
[SourceQuality "1"]

1. c4 Nf6 2. d4 d5 3. c5 Bf5 4. Nf3 Nc6 5. Nc3 e6 6. g3 Be7 7. Bg2 0-0 8. 0-0 b6 9. cxb6 axb6 10. a3 Nb4 11. Bd2 Na6 12. Ne5 Bd6 13. Bf4 Qe8 14. Qc1 Kh8 15. Re1 Rc8 16. Qd2 Nh5 17. e3 Nf6 18. e4 dxe4 19. Nxe4 Bxe4 20. Bxe4 Bxe5 21. Bxe5 Nxe4 22. Rxe4 Rd8 23. Rh4 f5 24. Qh6 1-0

[Event "Leipzig VfB op 25th"]
[Site "Leipzig"]
[Date "2018.03.22"]
[Round "5"]
[White "Paulini, Stefan"]
[Black "Alvermann, Christian"]
[Result "0-1"]
[WhiteElo "1709"]
[BlackElo "1848"]
[PlyCount "58"]
[EventDate "2018.03.20"]
[EventType "swiss"]
[EventRounds "9"]
[EventCountry "GER"]
[SourceTitle "CBM 183 Extra"]
[Source "ChessBase"]
[SourceDate "2018.04.19"]
[SourceVersion "1"]
[SourceVersionDate "2018.04.19"]
[SourceQuality "1"]

1. e4 c5 2. Nf3 e6 3. d4 cxd4 4. Nxd4 Nf6 5. Nc3 d6 6. Be3 Be7 7. Be2 a6 8. 0-0 Nbd7 9. f4 Qc7 10. f5 Ne5 11. fxe6 fxe6 12. Kh1 0-0 13. Bf4 Ng6 14. Bg3 Bd7 15. Bh5 Nxh5 16. Qxh5 Qb6 17. Nb3 Rf6 18. e5 Nxe5 19. Bxe5 dxe5 20. Qxe5 Bd6 21. Qe2 Rh6 22. h3 Bc6 23. Ne4 Qb4 24. Nxd6 Rxh3+ 25. Kg1 Qxd6 26. Rad1 Qh2+ 27. Kf2 Qxg2+ 28. Ke1 Qxe2+ 29. Kxe2 Bb5+ 0-1

[Event "Leipzig VfB op 24th"]
[Site "Leipzig"]
[Date "2017.03.25"]
[Round "7"]
[White "Stieler, Sebastian"]
[Black "Paulini, Stefan"]
[Result "1/2-1/2"]
[WhiteElo "1832"]
[BlackElo "1426"]
[PlyCount "34"]
[EventDate "2017.03.21"]
[EventType "swiss"]
[EventRounds "9"]
[EventCountry "GER"]
[SourceTitle "EXT 2018"]
[Source "ChessBase"]
[SourceDate "2017.10.13"]
[SourceVersion "1"]
[SourceVersionDate "2017.10.13"]
[SourceQuality "1"]

1. e4 d5 2. exd5 Nf6 3. Nc3 Nxd5 4. Nxd5 Qxd5 5. Nf3 Nc6 6. Be2 Bf5 7. d3 e6 8. Be3 Be7 9. c3 0-0-0 10. d4 Qe4 11. 0-0 e5 12. Nd2 Qc2 13. Qxc2 Bxc2 14. dxe5 Nxe5 15. Nc4 Nc6 16. Rfc1 Bf5 17. Rd1 Bc2 1/2-1/2

[Event "Leipzig VfB op 24th"]
[Site "Leipzig"]
[Date "2017.03.22"]
[Round "2"]
[White "Paulini, Stefan"]
[Black "Kielstein, Hans"]
[Result "0-1"]
[WhiteElo "1426"]
[BlackElo "1786"]
[PlyCount "46"]
[EventDate "2017.03.21"]
[EventType "swiss"]
[EventRounds "9"]
[EventCountry "GER"]
[SourceTitle "EXT 2018"]
[Source "ChessBase"]
[SourceDate "2017.10.13"]
[SourceVersion "1"]
[SourceVersionDate "2017.10.13"]
[SourceQuality "1"]

1. e4 e5 2. Nf3 Nc6 3. Bc4 Bc5 4. c3 Qe7 5. 0-0 Nf6 6. d4 Bb6 7. d5 Nd8 8. Qc2 0-0 9. Be3 d6 10. Nbd2 Ng4 11. Bg5 f6 12. Bh4 g5 13. Bg3 Nf7 14. h3 Ngh6 15. h4 Nh8 16. hxg5 fxg5 17. Bxe5 g4 18. Bxh8 gxf3 19. Bd4 fxg2 20. Rfe1 Bxd4 21. cxd4 Qh4 22. f3 Ng4 23. Kxg2 Qh2+ 0-1

[Event "ZI-2014-0-01917"]
[Site "LSS email"]
[Date "2014.12.21"]
[Round "?"]
[White "Somogyi, Gabor"]
[Black "Paulini, Stefan"]
[Result "1-0"]
[WhiteElo "1858"]
[BlackElo "1096"]
[PlyCount "21"]
[EventDate "2014.12.11"]
[EventType "match (corr)"]
[EventRounds "2"]
[EventCountry "GER"]
[SourceTitle "Corr 2015"]
[Source "ChessBase"]
[SourceDate "2015.07.17"]
[SourceVersion "1"]
[SourceVersionDate "2015.07.17"]
[SourceQuality "1"]

1. e4 e5 2. Nf3 Nc6 3. Bc4 Bc5 4. c3 b6 5. b4 Be7 6. Qb3 Bb7 7. Bxf7+ Kf8 8. 0-0 Nf6 9. d3 a5 10. Bd5 Nxb4 11. Bxb7 1-0

[Event "RD-2014-0-00108"]
[Site "LSS email"]
[Date "2014.12.04"]
[Round "?"]
[White "Courteille, Thierry"]
[Black "Paulini, Stefan"]
[Result "1-0"]
[WhiteElo "1264"]
[BlackElo "1096"]
[PlyCount "39"]
[EventDate "2014.06.15"]
[EventType "tourn (corr)"]
[EventRounds "6"]
[EventCountry "GER"]
[SourceTitle "Corr 2015"]
[Source "ChessBase"]
[SourceDate "2015.07.17"]
[SourceVersion "1"]
[SourceVersionDate "2015.07.17"]
[SourceQuality "1"]

1. Nf3 Nc6 2. d4 d5 3. Bf4 Bf5 4. e3 Nf6 5. c4 e6 6. Nc3 Bb4 7. Bd3 dxc4 8. Bxc4 Ne4 9. Qb3 Bxc3+ 10. bxc3 0-0 11. Qxb7 Na5 12. Qb4 c5 13. dxc5 Rb8 14. Bxb8 Nxc4 15. Qxc4 Qxb8 16. 0-0 Rc8 17. Rab1 Qc7 18. Rb2 Qxc5 19. Qxc5 Rxc5 20. Rb8+ 1-0

[Event "RD-2014-0-00108"]
[Site "LSS email"]
[Date "2014.11.26"]
[Round "?"]
[White "Paulini, Stefan"]
[Black "Sofia, Gerardo"]
[Result "0-1"]
[WhiteElo "1096"]
[BlackElo "1502"]
[PlyCount "70"]
[EventDate "2014.06.15"]
[EventType "tourn (corr)"]
[EventRounds "6"]
[EventCountry "GER"]
[SourceTitle "Corr 2015"]
[Source "ChessBase"]
[SourceDate "2015.07.17"]
[SourceVersion "1"]
[SourceVersionDate "2015.07.17"]
[SourceQuality "1"]

1. e4 c6 2. d4 d5 3. e5 g6 4. f4 Bg7 5. g4 h5 6. g5 Qb6 7. h4 Bg4 8. Be2 Bxe2 9. Nxe2 e6 10. c3 Ne7 11. b4 a5 12. Qa4 0-0 13. Nd2 axb4 14. Qxb4 Qxb4 15. cxb4 Na6 16. a3 Nxb4 17. Kd1 Nd3 18. Rf1 Nf5 19. Rf3 Nxc1 20. Kxc1 Nxh4 21. Rb3 Ra7 22. Rab1 b5 23. Rc3 Ra6 24. Rbb3 Rfa8 25. Kb2 Nf5 26. Rb4 h4 27. Rh3 Bf8 28. Rbb3 Ra4 29. Rbd3 Be7 30. Nb1 b4 31. Rb3 bxa3+ 32. Nxa3 Bxa3+ 33. Rxa3 Rxa3 34. Rxa3 Rxa3 35. Kxa3 h3 0-1

[Event "OP-2014-0-03565"]
[Site "LSS email"]
[Date "2014.11.25"]
[Round "?"]
[White "Sandocal, Uzmir"]
[Black "Paulini, Stefan"]
[Result "1-0"]
[WhiteElo "1794"]
[BlackElo "1469"]
[PlyCount "29"]
[EventDate "2014.11.19"]
[EventType "tourn (corr)"]
[EventRounds "4"]
[EventCountry "GER"]
[SourceTitle "Corr 2022"]
[Source "ChessBase"]
[SourceDate "2021.10.24"]
[SourceVersion "1"]
[SourceVersionDate "2021.10.24"]
[SourceQuality "1"]

1. b3 e5 2. e3 d5 3. Bb2 Bd6 4. Nf3 e4 5. Bxg7 exf3 6. Bxh8 fxg2 7. Bxg2 Qg5 8. Bf3 f6 9. h4 Qf5 10. Nc3 h6 11. Rg1 Qh7 12. Bxd5 Ne7 13. Qh5+ Kd8 14. Bxf6 Bd7 15. Rg8+ 1-0

[Event "OP-2014-0-03565"]
[Site "LSS email"]
[Date "2014.11.24"]
[Round "?"]
[White "Smetana, Jan"]
[Black "Paulini, Stefan"]
[Result "1-0"]
[WhiteElo "800"]
[BlackElo "1469"]
[PlyCount "41"]
[EventDate "2014.11.19"]
[EventType "tourn (corr)"]
[EventRounds "4"]
[EventCountry "GER"]
[SourceTitle "Corr 2022"]
[Source "ChessBase"]
[SourceDate "2021.10.24"]
[SourceVersion "1"]
[SourceVersionDate "2021.10.24"]
[SourceQuality "1"]

1. c4 e5 2. Nc3 Nf6 3. g3 d5 4. cxd5 Nxd5 5. Bg2 Nxc3 6. bxc3 Bc5 7. Bb2 Bf5 8. e4 Be6 9. d4 exd4 10. cxd4 Bb4+ 11. Kf1 0-0 12. Ne2 f5 13. d5 Bd7 14. Qd4 Rf7 15. Qxb4 b6 16. e5 a5 17. Qc3 Re7 18. d6 cxd6 19. exd6 Rf7 20. Bd5 Be8 21. Qxg7# 1-0